000 00359nam a22001337a 4500
008 251005b |||||||| |||| 00| 0 eng d
022 _a3049267X
041 _aEng
245 _aThe IUP Journal Of Applied Economics
260 _aHyderabad
_bIPU Publication
_c2025
300 _a99;. P.
856 _uhttps://iupindia.in/applied-economics.asp
942 _cSR
_s1
999 _c46504
_d46504